सिनेमा पढ़ने के तरीके / (Record no. 119097)
[ view plain ]
| 000 -LEADER | |
|---|---|
| fixed length control field | 01338nam a22002777a 4500 |
| 003 - CONTROL NUMBER IDENTIFIER | |
| control field | dpl |
| 005 - DATE AND TIME OF LATEST TRANSACTION | |
| control field | 20190301122727.0 |
| 008 - FIXED-LENGTH DATA ELEMENTS--GENERAL INFORMATION | |
| fixed length control field | 190301b ||||| |||| 00| 0 eng d |
| 010 ## - LIBRARY OF CONGRESS CONTROL NUMBER | |
| LC control number | B-236053 |
| 020 ## - INTERNATIONAL STANDARD BOOK NUMBER | |
| Terms of availability | 250.00 |
| International Standard Book Number | 8177831151 |
| 035 ## - SYSTEM CONTROL NUMBER | |
| System control number | B-236053, B-236076 |
| 037 ## - SOURCE OF ACQUISITION | |
| Source of stock number/acquisition | Cen Lib/Ret |
| 040 ## - CATALOGING SOURCE | |
| Original cataloging agency | DPL |
| Language of cataloging | HN |
| Transcribing agency | 0 |
| 082 ## - DEWEY DECIMAL CLASSIFICATION NUMBER | |
| Classification number | 791.437 |
| Item number | खरेवि |
| 100 ## - MAIN ENTRY--PERSONAL NAME | |
| Personal name | खरे, विष्णु |
| 9 (RLIN) | 83331 |
| 245 ## - TITLE STATEMENT | |
| Title | सिनेमा पढ़ने के तरीके / |
| Statement of responsibility, etc | विष्णु खरे |
| 246 ## - VARYING FORM OF TITLE | |
| Title proper/short title | Cinema parhne ke tarike / |
| Remainder of title | be Vishnu Khare |
| 260 ## - PUBLICATION, DISTRIBUTION, ETC. (IMPRINT) | |
| Place of publication, distribution, etc | नयी दिल्ली |
| Name of publisher, distributor, etc | प्रवीन प्रकाशन |
| Date of publication, distribution, etc | 2006 |
| 270 ## - ADDRESS | |
| City | नयी दिल्ली |
| Address | 4760-61, द्वितीय तल, 23, अनासरी रोड, दरियागंज |
| Postal code | 110002 |
| 300 ## - PHYSICAL DESCRIPTION | |
| Extent | 243पृ. |
| Dimensions | 20सेमी(सजिल्द ) |
| 650 ## - SUBJECT ADDED ENTRY--TOPICAL TERM | |
| Topical term or geographic name as entry element | चलचित्र उद्योग - भारत - इतिहास |
| General subdivision | |
| Geographic subdivision | |
| 9 (RLIN) | 83332 |
| 650 ## - SUBJECT ADDED ENTRY--TOPICAL TERM | |
| Topical term or geographic name as entry element | मोशन पिक्चर अभिनेताओं और अभिनेत्रियों - भारत |
| 9 (RLIN) | 83333 |
| 650 ## - SUBJECT ADDED ENTRY--TOPICAL TERM | |
| Topical term or geographic name as entry element | Motion picture industry -- India -- History |
| 9 (RLIN) | 83334 |
| 650 ## - SUBJECT ADDED ENTRY--TOPICAL TERM | |
| Topical term or geographic name as entry element | Motion picture actors and actresses -- India |
| 9 (RLIN) | 23896 |
| 942 ## - ADDED ENTRY ELEMENTS (KOHA) | |
| Source of classification or shelving scheme | Dewey Decimal Classification |
| Koha item type | Hindi Books |
| Classification part | 791.437 |
| Call number suffix | खरेवि |
| Withdrawn status | Lost status | Source of classification or shelving scheme | Damaged status | Not for loan | Home library | Current library | Date acquired | Source of acquisition | Cost, normal purchase price | Total Checkouts | Total Renewals | Full call number | Barcode | Date last seen | Date checked out | Copy number | Cost, replacement price | Price effective from | Koha item type | Collection code |
|---|---|---|---|---|---|---|---|---|---|---|---|---|---|---|---|---|---|---|---|---|
| Dewey Decimal Classification | Central Library | Central Library | 15/09/2015 | Cen Lib/Ref | 250.00 | 8 | 6 | 791.437 खरेवि | B-236053 | 29/09/2022 | 01/09/2022 | 1 | 250.00 | 15/09/2015 | Hindi Books | |||||
| Dewey Decimal Classification | Shahdara Branch | Shahdara Branch | 01/03/2019 | BPPD/PUB | 250.00 | 1 | 1 | 791.437 खरेवि | B-236076 | 01/11/2021 | 06/10/2021 | 250.00 | 01/03/2019 | Hindi Books | Non-fiction |
